| 000 | 00503cam a22002054a 4500 | ||
|---|---|---|---|
| 005 | 20250605164255.0 | ||
| 008 | 250528s ||||||||||||||||||||||||d | ||
| 035 | _a21897 | ||
| 020 | _a9781403913463 | ||
| 040 |
_aGR-AtMCL _bgre _dGR-AtMCL _eAACR2 |
||
| 245 | 1 | _aPRESENTATION SKILLS FOR STUDENTS | |
| 250 | _a1 | ||
| 260 |
_bPalgrave Macmillan, _c2004 |
||
| 300 | _a142 | ||
| 700 | 1 |
_aBecher Lucinda _97786 |
|
| 700 | 1 |
_aVan Emden Joan _97787 |
|
| 942 | _cBK | ||
| 999 |
_c6954 _d6954 |
||